<?xml version="1.0" encoding="UTF-8"?>
<marc:record xmlns:marc="http://www.loc.gov/MARC21/slim">
   <marc:leader>00000nam a2200000 a 4500</marc:leader>
   <marc:datafield ind1="1" ind2=" " tag="100">
      <marc:subfield code="a">Gehm, Franziska</marc:subfield>
      <marc:subfield code="4">aut</marc:subfield>
      <marc:subfield code="e">Verfasser/-in</marc:subfield>
   </marc:datafield>
   <marc:datafield ind1=" " ind2=" " tag="653">
      <marc:subfield code="a">Probleme</marc:subfield>
   </marc:datafield>
   <marc:datafield ind1=" " ind2=" " tag="653">
      <marc:subfield code="a">Stadt</marc:subfield>
   </marc:datafield>
   <marc:datafield ind1=" " ind2=" " tag="653">
      <marc:subfield code="a">Freunde</marc:subfield>
   </marc:datafield>
   <marc:datafield ind1=" " ind2=" " tag="653">
      <marc:subfield code="a">Betrug</marc:subfield>
   </marc:datafield>
   <marc:datafield ind1=" " ind2=" " tag="653">
      <marc:subfield code="a">Geheimbund</marc:subfield>
   </marc:datafield>
   <marc:datafield ind1=" " ind2=" " tag="653">
      <marc:subfield code="a">Aktion</marc:subfield>
   </marc:datafield>
   <marc:datafield ind1="0" ind2="0" tag="245">
      <marc:subfield code="a">Carla Chamäleon: Fiese Tricks (4)</marc:subfield>
   </marc:datafield>
   <marc:datafield ind1=" " ind2="1" tag="264">
      <marc:subfield code="b">FISCHER Sauerländer</marc:subfield>
      <marc:subfield code="c">2021</marc:subfield>
   </marc:datafield>
   <marc:datafield ind1="1" ind2=" " tag="490">
      <marc:subfield code="a">Chamäleon Girl</marc:subfield>
   </marc:datafield>
   <marc:datafield ind1="1" ind2=" " tag="520">
      <marc:subfield code="a">WUNDERBAR - endlich wieder UNSICHTBAR!

In Carlas Stadt treibt ein Trickbetrüger sein Unwesen und bringt ältere Leute als verkleideter Polizist um ihre Wertsachen. Sogar der Opa von Marie-Amylee ist ihm zum Opfer gefallen! Ganz klar ein Fall für den Geheimbund und somit für Carla und ihre Freunde. Doch Carla und Jole müssen feststellen, dass sie plötzlich Probleme haben, Carlas Superkraft Chamäliose auszulösen und sie unsichtbar werden zu lassen. Anscheinend ist Carla nichts mehr so schnell peinlich, egal wie sehr Jole seine Fremdschäm-Aktionen auch auf die Spitze treibt. Aber wie soll Carla den Betrüger dann stoppen?

Das vierte Abenteuer von CARLA Chamäleon, der Superheldin wider Willen!</marc:subfield>
   </marc:datafield>
   <marc:datafield ind1=" " ind2=" " tag="020">
      <marc:subfield code="a">9783757101213</marc:subfield>
      <marc:subfield code="9">9783757101213</marc:subfield>
   </marc:datafield>
</marc:record>
